<?xml version="1.0" encoding="UTF-8"?>
<marc:record xmlns:marc="http://www.loc.gov/MARC21/slim">
   <marc:leader>00000nam a2200000 a 4500</marc:leader>
   <marc:datafield ind1="1" ind2=" " tag="100">
      <marc:subfield code="a">Brezina, Thomas</marc:subfield>
      <marc:subfield code="4">aut</marc:subfield>
      <marc:subfield code="e">Verfasser/-in</marc:subfield>
   </marc:datafield>
   <marc:datafield ind1="0" ind2="0" tag="245">
      <marc:subfield code="a">Das Riff der Teufelsrochen</marc:subfield>
   </marc:datafield>
   <marc:datafield ind1="0" ind2="0" tag="245">
      <marc:subfield code="b">Abenteuer auf Mauritius</marc:subfield>
   </marc:datafield>
   <marc:datafield ind1=" " ind2="1" tag="264">
      <marc:subfield code="b">Neuer Breitschopf-Verl.</marc:subfield>
      <marc:subfield code="c">1994</marc:subfield>
   </marc:datafield>
   <marc:datafield ind1="1" ind2=" " tag="490">
      <marc:subfield code="a">Die Knickerbocker-Bande / Thomas Brezina</marc:subfield>
   </marc:datafield>
   <marc:datafield ind1="1" ind2=" " tag="520">
      <marc:subfield code="a">Auf der Insel Mauritius geraten die 4 Knickerbocker mitten hinein in eine dunkle Erbschaftsangelegenheit. Bewacht von übergross gezüchteten Teufelsrochen ruht ein Tresor im Meer, der das geheimnisvolle Erbe enthalten soll. Dieses findet sich aber nicht dort, sondern in Form von 3 Briefmarken (selbstverständlich alte Mauritius), hinterlegt in einem Banksafe. Die bösen Söhne gehen leer aus, für die liebe, blinde Tochter hat sich der bei seinen biologischen Experimenten tödlich verunglückte Vater diese Überraschung ausgedacht. Nichts von all dem ist unseren Super-Detektiven entgangen, die wieder einmal unter Aufwendung aller Lebensnerven Erfolg gezeitigt haben. Wie die zig anderen Titel der Reihe Ermessensfrage bzw. Ablehnungsfall. Ab 10.</marc:subfield>
   </marc:datafield>
   <marc:datafield ind1=" " ind2=" " tag="020">
      <marc:subfield code="a">9783700403968</marc:subfield>
      <marc:subfield code="9">9783700403968</marc:subfield>
   </marc:datafield>
</marc:record>
